Central Library OPAC University of Rajshahi

غالب نامہ :یا، آثار غالب ؛ مرزا اسد الله خان غالب کى زندگى اور تصانىیف کا تفصیىلى مطالعہ، جدید علم نفسیىات اور فن تنقیىد کى روشنى میں. / G̲h̲ālib nāmah : yā, ās̲ār-i G̲h̲ālib ; Mirzā Asadullāh K̲h̲ān G̲h̲ālib kī zindagī aur taṣānīf kā tafṣīlī mut̤ālaʻah, jadīd ʻilm-i nafsiyāt aur fann-i tanqīd kī raushnī men̲./ (Record no. 85143)

MARC details
000 -LEADER
fixed length control field 01266naa a2200229 a 4500
001 - CONTROL NUMBER
control field 85143
003 - CONTROL NUMBER IDENTIFIER
rucl marc code BD-RjUL
005 - DATE AND TIME OF LATEST TRANSACTION
control field 20250708141840.0
008 - FIXED-LENGTH DATA ELEMENTS--GENERAL INFORMATION
fixed length control field 250708s19?? pk ||||| |||| 00| 0 urd d
035 ## - SYSTEM CONTROL NUMBER
System control number (BD-RjUL) 85143
040 ## - CATALOGING SOURCE
Original cataloging agency BD-RjUL
Language of cataloging eng
Transcribing agency BD-RjUL
041 ## - LANGUAGE CODE
Language code of text/sound track or separate title urd
082 ## - DEWEY DECIMAL CLASSIFICATION NUMBER
Edition number 23
Classification number 891.43909
Author mark and year GHG 19??
100 ## - MAIN ENTRY--PERSONAL NAME
Personal name اکرام، س. م ;; Ikram, S. M.
9 (RLIN) 15925
245 ## - TITLE STATEMENT
Title غالب نامہ :یا، آثار غالب ؛ مرزا اسد الله خان غالب کى زندگى اور تصانىیف کا تفصیىلى مطالعہ، جدید علم نفسیىات اور فن تنقیىد کى روشنى میں. / G̲h̲ālib nāmah : yā, ās̲ār-i G̲h̲ālib ; Mirzā Asadullāh K̲h̲ān G̲h̲ālib kī zindagī aur taṣānīf kā tafṣīlī mut̤ālaʻah, jadīd ʻilm-i nafsiyāt aur fann-i tanqīd kī raushnī men̲./
Statement of responsibility, etc. Authors:از شیىخ محمد اکرام., اکرام، س. م. 1908-1973 / az Shaik̲h̲ Muḥammad Ikrām., S. M. Ikram
250 ## - EDITION STATEMENT
Edition statement 4th.ed
260 ## - PUBLICATION, DISTRIBUTION, ETC. (IMPRINT)
Place of publication, distribution, etc. Bambaʼī:
Name of publisher, distributor, etc. تاج آفس،, Tāj Āfis,
Date of publication, distribution, etc. 19??
300 ## - PHYSICAL DESCRIPTION
Pagination 414 p. ;
Size 17 cm
600 ## - SUBJECT ADDED ENTRY--PERSONAL NAME
Personal name Ghalib, Mirza Asadullah Khan,
Dates associated with a name 1797-1869
General subdivision Criticism and interpretation
650 ## - SUBJECT ADDED ENTRY--TOPICAL TERM
Topical term or geographic name as entry element Urdu Poetry
Form subdivision History and Criticism
9 (RLIN) 8497
942 ## - ADDED ENTRY ELEMENTS (KOHA)
Source of classification or shelving scheme Dewey Decimal Classification
Koha item type Books
Holdings
Lost status Source of classification or shelving scheme Damaged status Not for loan Collection code Permanent Location Current Location Shelving location Date acquired Source of acquisition Total Checkouts Full call number Date last seen Copy number Koha item type
  Dewey Decimal Classification   Not For Loan Non-fiction Central Library, University of Rajshahi Central Library, University of Rajshahi Reading Room 12/08/1957 Muhammad B. Brathers   U 891.43909 GHG 19?? 08/07/2025 C-1 Books